Devine la chanson grâce aux paroles - Danyl - Statistiques

Statistiques générales
  • Ce quiz a été pris 99 fois
  • Le résultat moyen est 10 sur 14
Statistiques - réponses
Hint Réponse % Correct
Pour ma mère un Olympia, pour ma soeur un sac Chanel Ti Amo
88%
Juste dis moi que tu m'aimes comme N.I. Zendaya
82%
Vu qu'elle nous a jamais tendu la main miskina j'vais devoir lui casser le bras Mazel
80%
Le métro chante, il devrait l'sampler Ligne 9
75%
Ils arrachent ta montre, t'avais qu'à donner l'heure Tir en l'air
75%
De Créteil Soleil à Italie Deux Billie Eilish
73%
Le bruit des vagues mélangé à l'odeur du Black Opium Galbi
72%
J'vais danser ce soir comme si j'avais fait l'milli Tchitchi
72%
J'ai des souvenirs mais j'ai déjà tout raconté Bledi mon amour
68%
Si on n'se promet rien on n'sera pas déçu L'amour c'est pour les autres
65%
J'ai hâte de m'plaindre et dire qu'j'donne tout au fisc Nouveau Riche
60%
Peu importe la saison, ton coeur est resté en décembre Pigalle
57%
J'aime trop les miens mais j'dois tailler La Rouma
53%
On s'confie beaucoup à Dieu vu qu'on a personne d'autre pour s'exprimer Les Hommes
52%
Aucun quiz correspondant
Distribution des résultats
% des personnes avec chaque résultat
Percentile par nombre de réponses
Votre historique - résultats
Vous n’avez pas pris ce quiz